| 000 | 00471nam a2200157Ia 4500 | ||
|---|---|---|---|
| 003 | LK-CoDNM | ||
| 008 | 010623t2001 xxu||||| |||| 00| 1 eng d | ||
| 040 |
_aLK-CoDNM _dLK-CoDNM _eLK-CoDNM |
||
| 041 | _aeng | ||
| 080 | _a294.3 THE | ||
| 100 | _aYuyama,Akira. | ||
| 245 | _aThe Mahavastu-Avadana In Old Palm -Leaf and Paper Manuscripts : Paper Manuscripts | ||
| 260 |
_bCentre for East Asian Cultural Studies For Unesco _c2001 |
||
| 300 | _b224p., 37 cm | ||
| 942 | _cBK | ||
| 999 |
_c120992 _d120992 |
||